ბათუმის შოთა რუსთაველის სახელმწიფო უნივერსიტეტის ბიბლიოთეკა

Science, Technology and Society in Contemporary Japan / (ბიბ.ჩანაწერი № 64011)

000 -LEADER
fixed length control field 00890nam a22002177a 4500
003 - CONTROL NUMBER IDENTIFIER
control field Ge_BSU
005 - DATE AND TIME OF LATEST TRANSACTION
control field 20260309122421.0
008 - FIXED-LENGTH DATA ELEMENTS--GENERAL INFORMATION
fixed length control field 260309s1999 enk||||| |||| 00| 0 eng d
020 ## - INTERNATIONAL STANDARD BOOK NUMBER
International Standard Book Number 9780521654258x
041 ## - LANGUAGE CODE
Language code of text/sound track or separate title eng
080 ## - UNIVERSAL DECIMAL CLASSIFICATION NUMBER
Universal Decimal Classification number 316.74:001:33.35:338.36(520) L-95
100 ## - MAIN ENTRY--PERSONAL NAME
Personal name Low, Morris
9 (RLIN) 27086
245 ## - TITLE STATEMENT
Title Science, Technology and Society in Contemporary Japan /
Statement of responsibility, etc. Morris Low, Shigeru Nakayama, Hitoshi Yoshioka.
264 ## - PRODUCTION, PUBLICATION, DISTRIBUTION, MANUFACTURE, AND COPYRIGHT NOTICE
Place of production, publication, distribution, manufacture Cambridge :
Name of producer, publisher, distributor, manufacturer ‎ Cambridge University Press,
Date of production, publication, distribution, manufacture, or copyright notice 1999.
300 ## - PHYSICAL DESCRIPTION
Extent 226 p.;
Other physical details 23 cm.
504 ## - BIBLIOGRAPHY, ETC. NOTE
Bibliography, etc. note Bibliogr. 194-211
653 ## - INDEX TERM--UNCONTROLLED
keyword მეცნიერება, ტექნოლოგია და საზოგადოება თანამედროვე იაპონიაში
700 ## - ADDED ENTRY--PERSONAL NAME
Personal name Nakayama, Shigeru
Relator term ავტორი
9 (RLIN) 27087
700 ## - ADDED ENTRY--PERSONAL NAME
Personal name Yoshioka, Hitoshi
Relator term ავტორი
9 (RLIN) 27088
942 ## - ADDED ENTRY ELEMENTS (KOHA)
Source of classification or shelving scheme
Koha item type წიგნი
ეგზემპლარები
Withdrawn status Lost status Source of classification or shelving scheme Damaged status Not for loan Permanent Location Current Location Shelving location Date acquired Cost, normal purchase price Full call number Barcode Date last seen Copy number Uniform Resource Identifier Price effective from Koha item type Public note
          ბათუმის შოთა რუსთაველის სახელმწიფო უნივერსიტეტის მთავარი ბიბლიოთეკა ბათუმის შოთა რუსთაველის სახელმწიფო უნივერსიტეტის მთავარი ბიბლიოთეკა წიგნსაცავი 2026-03-09 15.00 316.74:001:33.35:338.36(520) L-95 73891 2026-03-09 73891 იაპონიის ელჩის საჩუქარი 2026-03-09 წიგნი 15 ლ.